| 000 -LEADER |
| fixed length control field |
00517nam a2200181Ia 4500 |
| 020 ## - INTERNATIONAL STANDARD BOOK NUMBER |
| ISBN |
4805305053 |
| 040 ## - CATALOGING SOURCE |
| Transcribing agency |
PQA |
| 082 ## - DEWEY DECIMAL CLASSIFICATION NUMBER |
| Classification number |
952 CHA 1987 A100 Or. |
| 100 1# - MAIN ENTRY--AUTHOR NAME |
| Personal name |
Reischauer, Haru Matsukata, |
| 245 10 - TITLE STATEMENT |
| Title |
Samurai and silk : |
| Remainder of title |
a Japanese and American heritage / |
| 260 ## - PUBLICATION, DISTRIBUTION, ETC. (IMPRINT) |
| Place of publication |
Tokyo : |
| Name of publisher |
Charles E. Tuttle Co. ; |
| Year of publication |
1987, c1986 |
| 300 ## - PHYSICAL DESCRIPTION |
| Number of Pages |
ix, 371 p., [20] p. of plates : |
| Other physical details |
ill., ports. ; |
| Dimensions |
19 cm |
| 500 ## - GENERAL NOTE |
| General note |
Includes index |
| 650 #0 - SUBJECT ADDED ENTRY--TOPICAL TERM |
| Topical Term |
Statesmen |
| 650 #0 - SUBJECT ADDED ENTRY--TOPICAL TERM |
| Topical Term |
Businessmen |
| 650 #0 - SUBJECT ADDED ENTRY--TOPICAL TERM |
| Topical Term |
Japanese |
| 942 ## - ADDED ENTRY ELEMENTS (KOHA) |
| Koha item type |
សៀវភៅភាសាអង់គ្លេស |
| 952 ## - LOCATION AND ITEM INFORMATION (KOHA) |
| Withdrawn status [LOCAL, KOHA] |
0 |
| 952 ## - LOCATION AND ITEM INFORMATION (KOHA) |
| Withdrawn status [LOCAL, KOHA] |
0 |